000 00875nas a2200277 4500
001 BR9602208
003 BR-BrBNA
005 20231205095732.0
007 ta
008 230509b bl.|||p| |||| 00| 00por d
040 _aBR-BrBNA
_bpor
_cBiblioteca Nacional de Agricultura
041 _a(Pt)
072 _aF08; P33
100 1 _aOliveira, J.C.M. de
100 1 _aVaz, C.M.P.
100 1 _aReichardt, K.
245 1 _aEfeito do cultivo continuo da cana-de-acucar em propriedades fisicas de um latossolo vermelho escuro
650 _aCana de Acucar
650 _aCultivo Continuo
650 _aMonocultura
650 _aLatossolo Vermelho Escuro
650 _aPropriedade Fisico-Quimica
773 0 _tScientia Agricola (Brazil)
_xISSN 0103-9016
_g(Jan-Apr 1995), v. 52(1) p. 50-55
_wBR9602208
909 _a202311
_bLúcia
_c55
_dLúcia Elande
942 _2AGRIS
_n0
_cANA
999 _c152428
_d152428